000
00278nam a22001097a 4500
008
160625b xxu||||| |||| 00| 0 eng d
100
_9
1097
_a
Pascal, F
245
_a
Your Basis Nightmare
260
_a
N.Y
_b
Bantam Books
_c
1999
300
_a
Your Basis Nightmare
942
_2
ddc
_c
BK
999
_c
883
_d
883